<?xml version="1.0" encoding="UTF-8"?>
<record
    xmlns:xsi="http://www.w3.org/2001/XMLSchema-instance"
    xsi:schemaLocation="http://www.loc.gov/MARC21/slim http://www.loc.gov/standards/marcxml/schema/MARC21slim.xsd"
    xmlns="http://www.loc.gov/MARC21/slim">

  <leader>01851nam0a2200409   4500</leader>
  <controlfield tag="001">RU\NLR\bibl\1513826</controlfield>
  <controlfield tag="005">20250616024215.0</controlfield>
  <datafield tag="010" ind1=" " ind2=" ">
    <subfield code="a">978-5-9920-0108-2</subfield>
    <subfield code="9">500</subfield>
  </datafield>
  <datafield tag="021" ind1=" " ind2=" ">
    <subfield code="a">RU</subfield>
    <subfield code="b">2010-27011</subfield>
    <subfield code="9">1818</subfield>
  </datafield>
  <datafield tag="035" ind1=" " ind2=" ">
    <subfield code="a">(nilc)RSL-KNO-004630732</subfield>
  </datafield>
  <datafield tag="035" ind1=" " ind2=" ">
    <subfield code="a">(NLR Aleph) 001505212</subfield>
  </datafield>
  <datafield tag="090" ind1=" " ind2=" ">
    <subfield code="a">45422</subfield>
    <subfield code="c">45422</subfield>
  </datafield>
  <datafield tag="100" ind1=" " ind2=" ">
    <subfield code="a">20100412d2009    |||y0rusy50      ca</subfield>
  </datafield>
  <datafield tag="101" ind1="0" ind2=" ">
    <subfield code="a">rus</subfield>
  </datafield>
  <datafield tag="102" ind1=" " ind2=" ">
    <subfield code="a">RU</subfield>
  </datafield>
  <datafield tag="105" ind1=" " ind2=" ">
    <subfield code="a">y   zzzz|||||</subfield>
  </datafield>
  <datafield tag="200" ind1="1" ind2=" ">
    <subfield code="a">&#x425;&#x440;&#x438;&#x441;&#x442;&#x438;&#x430;&#x43D;&#x435; &#x412;&#x43E;&#x441;&#x442;&#x43E;&#x43A;&#x430;: &#x43A;&#x443;&#x43B;&#x44C;&#x442;&#x443;&#x440;&#x43D;&#x430;&#x44F; &#x441;&#x430;&#x43C;&#x43E;&#x431;&#x44B;&#x442;&#x43D;&#x43E;&#x441;&#x442;&#x44C; &#x438; &#x43F;&#x440;&#x43E;&#x431;&#x43B;&#x435;&#x43C;&#x430; &#x432;&#x44B;&#x436;&#x438;&#x432;&#x430;&#x43D;&#x438;&#x44F;</subfield>
    <subfield code="f">&#x415;. &#x410;. &#x41A;&#x440;&#x438;&#x432;&#x435;&#x446;</subfield>
  </datafield>
  <datafield tag="210" ind1=" " ind2=" ">
    <subfield code="a">&#x41C;&#x43E;&#x441;&#x43A;&#x432;&#x430;</subfield>
    <subfield code="c">&#x41C;&#x413;&#x423;&#x41F;&#x41F;</subfield>
    <subfield code="d">2009</subfield>
  </datafield>
  <datafield tag="215" ind1=" " ind2=" ">
    <subfield code="a">242 &#x441;.</subfield>
    <subfield code="d">21</subfield>
  </datafield>
  <datafield tag="300" ind1=" " ind2=" ">
    <subfield code="a">&#x41D;&#x430; &#x43E;&#x431;&#x43E;&#x440;&#x43E;&#x442;&#x435; &#x442;&#x438;&#x442;.&#x43B;. &#x430;&#x432;&#x442;.: &#x41A;&#x440;&#x438;&#x432;&#x435;&#x446; &#x415;.&#x410;. - &#x43A;.&#x438;&#x441;&#x442;.&#x43D;.</subfield>
  </datafield>
  <datafield tag="320" ind1=" " ind2=" ">
    <subfield code="a">&#x411;&#x438;&#x431;&#x43B;&#x438;&#x43E;&#x433;&#x440;.: &#x441;. 229-240 (156 &#x43D;&#x430;&#x437;&#x432;.)</subfield>
  </datafield>
  <datafield tag="606" ind1="1" ind2=" ">
    <subfield code="a">&#x425;&#x440;&#x438;&#x441;&#x442;&#x438;&#x430;&#x43D;&#x441;&#x442;&#x432;&#x43E;</subfield>
    <subfield code="y">&#x415;&#x433;&#x438;&#x43F;&#x435;&#x442;</subfield>
    <subfield code="9">1364439</subfield>
    <subfield code="3">RU\NLR\auth\66571124</subfield>
  </datafield>
  <datafield tag="610" ind1="0" ind2=" ">
    <subfield code="a">&#x420;&#x435;&#x43B;&#x438;&#x433;&#x438;&#x44F; -- &#x425;&#x440;&#x438;&#x441;&#x442;&#x438;&#x430;&#x43D;&#x441;&#x442;&#x432;&#x43E; -- &#x41C;&#x43E;&#x43D;&#x43E;&#x444;&#x438;&#x437;&#x438;&#x442;&#x441;&#x442;&#x432;&#x43E; -- &#x41A;&#x43E;&#x43F;&#x442;&#x441;&#x43A;&#x430;&#x44F; &#x446;&#x435;&#x440;&#x43A;&#x43E;&#x432;&#x44C;</subfield>
  </datafield>
  <datafield tag="610" ind1="0" ind2=" ">
    <subfield code="a">&#x418;&#x441;&#x442;&#x43E;&#x440;&#x438;&#x44F;. &#x418;&#x441;&#x442;&#x43E;&#x440;&#x438;&#x447;&#x435;&#x441;&#x43A;&#x438;&#x435; &#x43D;&#x430;&#x443;&#x43A;&#x438; -- &#x418;&#x441;&#x442;&#x43E;&#x440;&#x438;&#x44F; &#x437;&#x430;&#x440;&#x443;&#x431;&#x435;&#x436;&#x43D;&#x44B;&#x445; &#x441;&#x442;&#x440;&#x430;&#x43D; -- &#x415;&#x433;&#x438;&#x43F;&#x435;&#x442; -- &#x41D;&#x43E;&#x432;&#x435;&#x439;&#x448;&#x430;&#x44F; &#x438;&#x441;&#x442;&#x43E;&#x440;&#x438;&#x44F; (1918- ). &#x415;&#x433;&#x438;&#x43F;&#x435;&#x442; &#x432; &#x44D;&#x43F;&#x43E;&#x445;&#x443; &#x43E;&#x431;&#x449;&#x435;&#x433;&#x43E; &#x43A;&#x440;&#x438;&#x437;&#x438;&#x441;&#x430; &#x43A;&#x430;&#x43F;&#x438;&#x442;&#x430;&#x43B;&#x438;&#x437;&#x43C;&#x430; -- &#x41F;&#x435;&#x440;&#x438;&#x43E;&#x434; &#x43F;&#x43E;&#x43B;&#x438;&#x442;&#x438;&#x447;&#x435;&#x441;&#x43A;&#x43E;&#x439; &#x43D;&#x435;&#x437;&#x430;&#x432;&#x438;&#x441;&#x438;&#x43C;&#x43E;&#x441;&#x442;&#x438; (1952- ) -- &#x41E;&#x442;&#x434;&#x435;&#x43B;&#x44C;&#x43D;&#x44B;&#x435; &#x43D;&#x430;&#x440;&#x43E;&#x434;&#x44B; -- &#x41A;&#x43E;&#x43F;&#x442;&#x44B;</subfield>
  </datafield>
  <datafield tag="610" ind1="0" ind2=" ">
    <subfield code="a">&#x415;&#x433;&#x438;&#x43F;&#x435;&#x442;</subfield>
  </datafield>
  <datafield tag="610" ind1="0" ind2=" ">
    <subfield code="a">&#x43A;&#x43E;&#x43F;&#x442;&#x44B;</subfield>
  </datafield>
  <datafield tag="686" ind1=" " ind2=" ">
    <subfield code="a">&#x42D;373.2,0</subfield>
    <subfield code="2">rubbk</subfield>
  </datafield>
  <datafield tag="686" ind1=" " ind2=" ">
    <subfield code="a">&#x422;3(6&#x415;&#x433;9=&#x41A;)63,02</subfield>
    <subfield code="2">rubbk</subfield>
  </datafield>
  <datafield tag="686" ind1=" " ind2=" ">
    <subfield code="a">&#x42D;37-39(6&#x415;&#x433;)</subfield>
  </datafield>
  <datafield tag="700" ind1=" " ind2="1">
    <subfield code="a">&#x41A;&#x440;&#x438;&#x432;&#x435;&#x446;</subfield>
    <subfield code="b">&#x415;. &#x410;.</subfield>
    <subfield code="f">1962-</subfield>
    <subfield code="g">&#x415;&#x43B;&#x435;&#x43D;&#x430; &#x410;&#x43B;&#x435;&#x43A;&#x441;&#x435;&#x435;&#x432;&#x43D;&#x430;</subfield>
    <subfield code="4">070</subfield>
  </datafield>
  <datafield tag="801" ind1=" " ind2="0">
    <subfield code="a">RU</subfield>
    <subfield code="b">&#x420;&#x413;&#x411;</subfield>
    <subfield code="c">20100412</subfield>
    <subfield code="g">rcr</subfield>
  </datafield>
  <datafield tag="801" ind1=" " ind2="1">
    <subfield code="a">RU</subfield>
    <subfield code="b">&#x420;&#x413;&#x411;</subfield>
    <subfield code="c">20100412</subfield>
  </datafield>
  <datafield tag="801" ind1=" " ind2="2">
    <subfield code="a">RU</subfield>
    <subfield code="b">NLR</subfield>
    <subfield code="c">20100520</subfield>
    <subfield code="g">rcr</subfield>
  </datafield>
  <datafield tag="942" ind1=" " ind2=" ">
    <subfield code="c">BOOK</subfield>
  </datafield>
  <datafield tag="980" ind1=" " ind2=" ">
    <subfield code="a">NB</subfield>
  </datafield>
  <datafield tag="995" ind1=" " ind2=" ">
    <subfield code="5">2010-05-20</subfield>
    <subfield code="a">ad</subfield>
    <subfield code="b">NLR01</subfield>
    <subfield code="c">NLR01</subfield>
    <subfield code="e">RF8</subfield>
    <subfield code="f">1-412994</subfield>
    <subfield code="k">2010-3/17189</subfield>
    <subfield code="o">0</subfield>
    <subfield code="r">BOOK</subfield>
    <subfield code="s">2010317189_</subfield>
  </datafield>
  <datafield tag="995" ind1=" " ind2=" ">
    <subfield code="5">2010-05-20</subfield>
    <subfield code="a">ad</subfield>
    <subfield code="b">NLR01</subfield>
    <subfield code="c">NLR01</subfield>
    <subfield code="e">RF8</subfield>
    <subfield code="f">3177038</subfield>
    <subfield code="k">2010-3/17189</subfield>
    <subfield code="o">0</subfield>
    <subfield code="r">BOOK</subfield>
    <subfield code="s">2010317189_</subfield>
  </datafield>
</record>
